LEADER 02975nam 2200745 450 001 9910464313103321 005 20200520144314.0 010 $a80-246-2338-2 035 $a(CKB)3710000000095644 035 $a(EBL)3319640 035 $a(SSID)ssj0001329987 035 $a(PQKBManifestationID)11785078 035 $a(PQKBTitleCode)TC0001329987 035 $a(PQKBWorkID)11344198 035 $a(PQKB)11028997 035 $a(OCoLC)878145427 035 $a(MiAaPQ)EBC2012907 035 $a(Au-PeEL)EBL2012907 035 $a(CaPaEBR)ebr10852871 035 $a(EXLCZ)993710000000095644 100 $a20140411h20112011 uy 0 101 0 $aeng 135 $aur|n|---||||| 181 $ctxt 182 $cc 183 $acr 200 00$aSubstance use in a comparative perspective $ethe case of Bulgaria, Czechia, Croatia, Romania and Slovakia /$fArnos?t Vesely?, Dagmar Dzu?rova?, editors ; reviewers, PhDr. Ladislav Cse?my, MUDr. Darina Sedla?kova?, MPH. ; foreword by Prof. Richard Scheffler, Prof. Martin Potu?c?ek ; cover design and layout Jan Sery?ch 205 $aFirst edition. 210 1$aPrague, [Czech Republic] :$cKarolinum Press,$d2011. 210 4$dİ2011 215 $a1 online resource (273 p.) 300 $aDescription based upon print version of record. 311 $a80-246-1891-5 320 $aIncludes bibliographical references. 327 $a""Foreword""; ""1. Introduction""; ""2. Environmental Factors as Determinants of Substance Use""; ""3. Risk Behavior in Comparative Perspective""; ""4. Risk Behavior in Five Post-Communist Countries""; ""5. Health-related Behavior at the Individual Level: Case Study of Substance Use ""; ""Executive summary""; ""Appendix ""; ""About authors""; ""References"" 606 $aSubstance abuse$xSocial aspects$zBulgaria 606 $aSubstance abuse$xSocial aspects$zCzech Republic 606 $aSubstance abuse$xSocial aspects$zCroatia 606 $aSubstance abuse$xSocial aspects$zRomania 606 $aSubstance abuse$xSocial aspects$zSlovakia 606 $aDrug abuse$zFormer communist countries 606 $aDrug abuse$xSocial aspects 608 $aElectronic books. 615 0$aSubstance abuse$xSocial aspects 615 0$aSubstance abuse$xSocial aspects 615 0$aSubstance abuse$xSocial aspects 615 0$aSubstance abuse$xSocial aspects 615 0$aSubstance abuse$xSocial aspects 615 0$aDrug abuse 615 0$aDrug abuse$xSocial aspects. 676 $a613.8 702 $aVesely?$b Arnos?t 702 $aDzu?rova?$b Dagmar 702 $aCse?my$b Ladislav 702 $aSedla?kova?$b Darina 702 $aScheffler$b Richard 702 $aPotu?c?ek$b Martin 702 $aSery?ch$b Jan 801 0$bMiAaPQ 801 1$bMiAaPQ 801 2$bMiAaPQ 906 $aBOOK 912 $a9910464313103321 996 $aSubstance use in a comparative perspective$92258633 997 $aUNINA LEADER 04756nam 2200949 450 001 9910798069903321 005 20230126214617.0 010 $a0-520-96252-4 024 7 $a10.1525/9780520962521 035 $a(CKB)3710000000459535 035 $a(EBL)1991890 035 $a(SSID)ssj0001530183 035 $a(PQKBManifestationID)12630305 035 $a(PQKBTitleCode)TC0001530183 035 $a(PQKBWorkID)11530640 035 $a(PQKB)11524335 035 $a(OCoLC)960977351 035 $a(MdBmJHUP)muse47183 035 $a(DE-B1597)521176 035 $a(OCoLC)917153659 035 $a(DE-B1597)9780520962521 035 $a(Au-PeEL)EBL1991890 035 $a(CaPaEBR)ebr11085799 035 $a(CaONFJC)MIL819933 035 $a(MiAaPQ)EBC1991890 035 $a(EXLCZ)993710000000459535 100 $a20150310h20152015 uy| 0 101 0 $aeng 135 $aur|n|---||||| 181 $ctxt 182 $cc 183 $acr 200 10$aAesthetic technologies of modernity, subjectivity, and nature $eopera, orchestra, phonograph, film /$fRichard Leppert 210 1$aOakland, California :$cUniversity of California Press,$d[2015] 210 4$dİ2015 215 $a1 online resource (369 p.) 300 $aDescription based upon print version of record. 311 $a0-520-28737-1 320 $aIncludes bibliographical references and index. 327 $aThe civilizing process : music and the aesthetics of time-space relations in The Girl of the golden West -- Opera, aesthetic violence, and the imposition of modernity : Fitzcarraldo -- Caruso, phonography, and operatic fidelities : regimes of music listening, 1904-1929 -- Aesthetic meanderings of the sonic psyche : three operas, two notes, and one ending at the boundary of the Great Divide -- Sound, subjectivity, and death : Days of heaven (promesse du bonheur) -- Conclusion : acoustic invocations of crisis and hope. 330 $a"The book addresses how music (especially opera), the phonograph, and film served as cultural agents facilitating the many extraordinary social, artistic, and cultural shifts that characterized the nascent twentieth century and much of what followed long thereafter, even to the present. Three tropes are central: the tensions and traumas---cultural, social, and personal---associated with modernity; changes in human subjectivity and its engagement and representation in music and film; and the more general societal impact of modern media, sound recording (the development of the phonograph in particular), and the critical role played by early-century opera recording. A principal focus of the book is the conflicted relationship in Western modernity to nature, particularly as nature is perceived in opposition to culture and articulated through music, film, and sound as agents of fundamental, sometimes shocking transformation. The book considers the sound/vision world of modernity filtered through the lens of aesthetic modernism and rapid technological change, and the impact of both, experienced with the prescient sense that there could be no turning back"--Provided by publisher. 606 $aMusic$xPhilosophy and aesthetics 606 $aModernism (Music)$xHistory$y20th century 606 $aOpera$xSocial aspects 606 $aMotion pictures$xSocial aspects 606 $aSound recordings$xSocial aspects 606 $aNature in music 606 $aNature in motion pictures 610 $aaesthetic modernism. 610 $aearly 20th century culture. 610 $aearly 20th century fine arts. 610 $aearly 20th century music. 610 $aearly 20th century subjectivity. 610 $aearly century opera recording. 610 $afilm. 610 $amodern media. 610 $amusical aesthetics of the early 20th century. 610 $amusical technology. 610 $anature in film. 610 $anature in western modernity. 610 $aopera music. 610 $asound recording. 610 $asounds of modernity. 610 $atensions and traumas of modernity. 610 $avisions of modernity. 610 $awestern modernity. 615 0$aMusic$xPhilosophy and aesthetics. 615 0$aModernism (Music)$xHistory 615 0$aOpera$xSocial aspects. 615 0$aMotion pictures$xSocial aspects. 615 0$aSound recordings$xSocial aspects. 615 0$aNature in music. 615 0$aNature in motion pictures. 676 $a780.9/04 700 $aLeppert$b Richard D.$01293952 801 0$bMiAaPQ 801 1$bMiAaPQ 801 2$bMiAaPQ 906 $aBOOK 912 $a9910798069903321 996 $aAesthetic technologies of modernity, subjectivity, and nature$93781398 997 $aUNINA